000 01236nam a2200265 a 4500
001 000039067
005 20260420170825.0
008 130520s1996 dr r 000 0 spa d
040 _aDO-SdBNP
_bspa
_cBNPHU
082 _a301
_bM385n, 1996
100 1 _aMartínez Almanzar, Juan Francisco
_d1950 -
_910459
245 1 0 _aNociones de sociología /
_cJuan Francisco Martínez Almánzar.
250 _a3a ed.
260 _aSanto Domingo :
_bCAIS,
_c1996.
300 _a244 p. ;
_c22 cm.
500 _aBibliografía : p. 241-244
505 0 _aCiencia y conocimiento - La sociedad - La sociología - La cultura y las pautas culturales - Los grupos sociales - La religión - El comportamiento colectivo - La familia, el matrimonio y el divorcio - Sociología jurídica - Los procesos electorales y las farsas - La constitución y las reformas - Métodos, teoría y técnica de investigación -
590 _aInventariado, 2018/VM
650 0 _aSociología
_91061
650 0 _aCiencias sociales
_91065
650 0 _a Ciencia -
_xMetodología
_93
650 0 _aJurisprudencia sociológica
_94071
710 2 2 _aCentro de Adiestramiento e Investigación Social (República Dominicana)
_946052
910 _aValidado. Control de calidad. MFF
999 _c38557
_d38557